|
|
|
|
| LEADER |
00000cam a2200000 7i4500 |
| 001 |
0000002302 |
| 005 |
20030524.0 |
| 020 |
0 |
0 |
|a 9679788466
|
| 090 |
0 |
0 |
|a 351.5950285
|b MUH 2003
|
| 100 |
0 |
0 |
|a MUHAMMAD Rais Abdul Karim
|
| 245 |
1 |
0 |
|a E-government in Malaysia :
|b improving responsiveness and capacity to serve
|c Muhammad Rais Abdul Karim, Nazariah Mohd Khalid
|
| 260 |
0 |
0 |
|a Subang Jaya :
|b Pelanduk Pub.;
|a Putrajaya :
|b Malaysian Administrative Modernisation and Management Planning Unit ,
|c 2003
|
| 300 |
|
|
|a 273 p. :
|b ill. ;
|c 22 cm.
|
| 500 |
0 |
0 |
|a Includes bibliograhical references: p. 262-266 and index
|
| 650 |
0 |
0 |
|a Electronic data processing
|x Government policy
|z Malaysia
|
| 650 |
0 |
0 |
|a Multimedia Super Corridor
|
| 700 |
0 |
1 |
|a Nazariah Mohd Khalid
|
| 710 |
1 |
1 |
|a Malaysian Administrative Modernisation and Management Planning Unit (MAMPU)
|
| 998 |
|
|
|a JPSM
|
| 999 |
|
|
|a 0000004321
|b Monograph
|c Open Shelf
|e Default branch
|